Biochemistry : Resource Book /

Uložené v:
Podrobná bibliografia
Hlavní autori: Moran, Laurence A (Autor), Scrimgeour, K.Gray (Autor)
Médium: Kniha
Jazyk:English
Vydavateľské údaje: Englewood Cliffs : Neil Patterson Publ. Prentice Hall, 1994
Tagy: Pridať tag
Žiadne tagy, Buďte prvý, kto otaguje tento záznam!

MARC

LEADER 00000nam a22000003a 4500
001 stu22904
005 20150617225747.3
008 941123s1994----xxu-----------------eng-d
020 |a 0-13-816679-X 
040 |a STU  |b slo 
041 0 |a eng 
044 |a xxu 
080 |a 577.1 
100 1 |a Moran, Laurence A  |4 aut 
245 1 |a Biochemistry :  |b Resource Book /  |c [aut.]Moran,Laurence A., Scrimgeour,K.Gray 
260 |a Englewood Cliffs :  |b Neil Patterson Publ. Prentice Hall,  |c 1994 
300 |a 287 s 
700 1 |a Scrimgeour, K.Gray  |4 aut 
996 |b C93269  |c C*93269  |l CCXVIII  |s P  |a 0  |w stu22904_0001